Даты ИстРоса #23: 1991-2020 - Statistics

General Stats
  • This quiz has been taken 6 times
    3 since last reset
  • The average score is 30 of 48
Answer Stats
Событие Дата % Correct
Начало ваучерной приватизации 1992
100%
Первые выборы в ГосДуму 1993
100%
Расстрел Дома советов 1993
100%
Первые выборы президента в РФ 1996
100%
Дефолт рубля 1998
100%
Выборы президента по итогукоторых должность занял Д.М. Медведев. 2008
100%
Вооруженный конфликт РФ и Грузии в Южной Осетии и Абхазии 2008
100%
Выборы президента по итогукоторых на пост вернулся В.В. Путин 2012
100%
Референдум по переходу Крымапод власть РФ 2014
100%
XXII зимние Олимпийские игры в Сочи 2014
100%
Начало СВО 2022
100%
Вхождение в состав РФ ДНР, ЛНР, Запорожской и Херсонской областей. 2022
100%
Первый теракт в России, угнанный в Турцию ТУ-154 1991
67%
Принятие ВС РФ «Государственную программу
приватизации»
1992
67%
Вторые выборы в ГосДуму 1995
67%
Захват больницы в Буденновске 1995
67%
Уход в отставку В.С. Черномырдина 1998
67%
Выборы в Государственную думуIII созыва 1999
67%
Взрывы домов чеченскими боевиками 1999
67%
Выборы президента послеотставки Б.Н. Ельцина 2000
67%
Катастрофа АПЛ "Курск" в Баренцевом море 2000
67%
Создание Шанхайской организации сотрудничества (ШОС). 2001
67%
Трагедия в Норд-Осте 2002
67%
Выборы в Государственную думу IV созыва 2003
67%
Выборы президента в ходе которых В.В. Путин остался на второй срок. 2004
67%
Террористический акт в Беслане 2004
67%
Смерть Шамиля Басаева 2006
67%
Выборы в Государственную думуV созыва 2007
67%
Мюнхенская речь В.В. Путина 2007
67%
Выборы в Государственную думуVI созыва 2011
67%
Выборы президента по итогу которых В.В. Путин начал свой 4-й срок 2018
67%
Либерализация потребительскихцен в РФ 1992
33%
Федеративный договор 1992
33%
VI съезд народных депутатов 1992
33%
Подписание СНВ-I 1992
33%
Подписание СНВ-II 1993
33%
Всероссийский референдум "Да-Да-Нет-Да" 1993
33%
Конституционный референдум(месяц, год) декабрь 1993
33%
Первая Чеченская война 1994-1996
33%
Подписание Хасавюртовских соглашений 1996
33%
Договор о всеобъемлющем запрещении ядерных испытаний 1996
33%
Уход в отставку С.В. Кириенко 1998
33%
Вторая Чеченская война 1999-2009
33%
Избрание Патриархом Московским и всея Руси Кирилла. 2009
33%
Подписание СНВ-III 2010
33%
Евромайдан 2013-2014
33%
Конституционная реформа 2020
33%
Уход Ельцина в отставку(день, месяц, год 00.00.1900) 31.12.1991
33%
No matching quizzes found
Score Distribution
Percent of People with Each Score
Percentile by Number Answered
Your Score History
You have not taken this quiz since the last reset